Textes du droit romain sur la dot

Bewaard in:
Bibliografische gegevens
Hoofdauteur: Pellat, M. C-A (Auteur)
Formaat: Boek
Taal:Latijn
Gepubliceerd in: París Alex Gobelet 1836
Onderwerpen:
Tags: Voeg label toe
Geen labels, Wees de eerste die dit record labelt!

MARC

LEADER 00000nam a2200000 a 4500
001 UCR2639
003 CL-VaPUC
008 980112e18360000FR |||||||||||||||||lat|d
082 0 4 |a 340.54  |b PEL  |2 21 
100 0 |a Pellat, M. C-A  |e author  |9 400805 
245 1 0 |a Textes du droit romain sur la dot 
300 |a 264 p 
942 |c BK 
945 |d 19980112 00:00:00  |a aolguin 
260 |a París  |b Alex Gobelet  |c 1836 
650 0 |a Derecho romano  |9 255930 
650 0 |a Fuentes del derecho   |9 255162 
650 7 |a TEXTOS JURIDICOS  |2 CL-VaPUC  |9 400806 
650 0 |a Dote  |9 397660 
650 7 |a MATRIMONIO  |2 CL-VaPUC  |9 400807 
650 0 |a Familias   |9 255641 
650 0 |a Obligaciones   |9 255578 
650 7 |a PACTOS  |2 CL-VaPUC  |9 400808 
650 0 |a Donación   |9 255016 
650 7 |a DISOLUCION DEL MATRIMONIO  |2 CL-VaPUC  |9 335077 
583 |a last modification  |c 19980112 00:00:00  |k Rodrigo Vera 
999 |c 265772  |d 265770 
952 |0 0  |1 0  |4 0  |6 340_540000000000000_PEL_1836  |7 0  |8 DER_ROM  |9 296860  |a BIBDER  |b BIBDER  |d 2019-11-20  |i 1931547  |o 340.54 PEL 1836  |p 1931547  |r 2023-01-25  |w 2019-11-20  |x Ubicación 4to piso  |y BK_X  |z Este recurso debe solicitarse con anticipación  |k DER